<?xml version="1.0" encoding="UTF-8"?>
<record
    xmlns:xsi="http://www.w3.org/2001/XMLSchema-instance"
    xsi:schemaLocation="http://www.loc.gov/MARC21/slim http://www.loc.gov/standards/marcxml/schema/MARC21slim.xsd"
    xmlns="http://www.loc.gov/MARC21/slim">

  <leader>01146aam a22003371i 4500</leader>
  <datafield tag="999" ind1=" " ind2=" ">
    <subfield code="c">169652</subfield>
    <subfield code="d">169652</subfield>
  </datafield>
  <controlfield tag="001">vtls000857563</controlfield>
  <controlfield tag="003">PNM</controlfield>
  <controlfield tag="005">20180923111848.0</controlfield>
  <controlfield tag="008">180730s2016    my o   e      001 0 eng  </controlfield>
  <datafield tag="015" ind1=" " ind2=" ">
    <subfield code="a">M18-09630</subfield>
  </datafield>
  <datafield tag="020" ind1=" " ind2=" ">
    <subfield code="a">9789671404539</subfield>
    <subfield code="q">paperback</subfield>
  </datafield>
  <datafield tag="039" ind1=" " ind2="9">
    <subfield code="a">201808151449</subfield>
    <subfield code="b">azizan</subfield>
    <subfield code="c">201808071549</subfield>
    <subfield code="d">jamilina</subfield>
    <subfield code="c">201808071445</subfield>
    <subfield code="d">ben</subfield>
  </datafield>
  <datafield tag="040" ind1=" " ind2=" ">
    <subfield code="a">BNM</subfield>
    <subfield code="b">eng</subfield>
    <subfield code="c">BNM</subfield>
    <subfield code="e">rda</subfield>
    <subfield code="d">PPAK</subfield>
  </datafield>
  <datafield tag="049" ind1=" " ind2=" ">
    <subfield code="a">mal</subfield>
  </datafield>
  <datafield tag="082" ind1="0" ind2="4">
    <subfield code="a">338.174980595112</subfield>
    <subfield code="2">23</subfield>
  </datafield>
  <datafield tag="090" ind1="0" ind2="0">
    <subfield code="a">338.174980595112</subfield>
    <subfield code="b">TIM</subfield>
    <subfield code="d">KK</subfield>
  </datafield>
  <datafield tag="245" ind1="1" ind2="0">
    <subfield code="a">TIMBER :</subfield>
    <subfield code="b">TREASURES OF LUBUK SEMILANG, LANGKAWI, MALAYSIA /</subfield>
    <subfield code="c">IZHAM YUSOFF &amp; ABDUL GHANI HUSSAIN</subfield>
  </datafield>
  <datafield tag="264" ind1=" " ind2="1">
    <subfield code="a">Alor Setar, Kedah :</subfield>
    <subfield code="b">BINA DARULAMAN BERHAD,</subfield>
    <subfield code="c">[2016?]</subfield>
  </datafield>
  <datafield tag="300" ind1=" " ind2=" ">
    <subfield code="a">vii, 166 pages :</subfield>
    <subfield code="b">colour photographs ;</subfield>
    <subfield code="c">26 cm</subfield>
  </datafield>
  <datafield tag="336" ind1=" " ind2=" ">
    <subfield code="a">text</subfield>
    <subfield code="2">rdacontent</subfield>
  </datafield>
  <datafield tag="336" ind1=" " ind2=" ">
    <subfield code="a">still image</subfield>
    <subfield code="2">rdacontent</subfield>
  </datafield>
  <datafield tag="337" ind1=" " ind2=" ">
    <subfield code="a">unmediated</subfield>
    <subfield code="2">rdamedia</subfield>
  </datafield>
  <datafield tag="338" ind1=" " ind2=" ">
    <subfield code="a">volume</subfield>
    <subfield code="2">rdacarrier</subfield>
  </datafield>
  <datafield tag="500" ind1=" " ind2=" ">
    <subfield code="a">Includes index</subfield>
  </datafield>
  <datafield tag="650" ind1="1" ind2="0">
    <subfield code="a">Forest product industry</subfield>
    <subfield code="z">Malaysia</subfield>
    <subfield code="z">Kedah</subfield>
  </datafield>
  <datafield tag="650" ind1="2" ind2="0">
    <subfield code="a">Timber</subfield>
    <subfield code="z">Malaysia</subfield>
    <subfield code="z">Kedah</subfield>
  </datafield>
  <datafield tag="700" ind1="0" ind2=" ">
    <subfield code="a">Izham Yusoff,</subfield>
    <subfield code="e">editor.</subfield>
  </datafield>
  <datafield tag="700" ind1="0" ind2=" ">
    <subfield code="a">Abdul Ghani Hussain,</subfield>
    <subfield code="e">editor.</subfield>
  </datafield>
  <datafield tag="710" ind1="2" ind2=" ">
    <subfield code="a">Bina Darulaman Berhad,</subfield>
    <subfield code="e">issuing body.</subfield>
  </datafield>
  <datafield tag="942" ind1=" " ind2=" ">
    <subfield code="2">ddc</subfield>
    <subfield code="c">B</subfield>
  </datafield>
  <datafield tag="952" ind1=" " ind2=" ">
    <subfield code="0">0</subfield>
    <subfield code="7">1</subfield>
    <subfield code="b">PPAK</subfield>
    <subfield code="c">KK</subfield>
    <subfield code="d">2018-11-12</subfield>
    <subfield code="o">KK 338.174980595112 TIM</subfield>
    <subfield code="p">A00737444</subfield>
    <subfield code="r">2018-11-12 00:00:00</subfield>
    <subfield code="y">B</subfield>
  </datafield>
</record>
